000 01584nam a2200469 i 4500
001 45816
003 ES-MaCES
005 20220408040013.0
008 150226s2013 sp 000 | spa d
017 _aMU 1317-2013
_bDL
020 _a9788416038152
040 _aES-MaCES
_bspa
_cES-MaCES
100 1 _aMartínez Martínez, Ángel
_917871
245 1 0 _aRe-emprender
_b: de la incertidumbre a la confianza
_cÁngel Martínez
260 _aMurcia
_bUniversidad de Murcia
260 _a[Madrid]
_bInstituto de Estudios Económicos
_c[2013]
300 _a548 p.
_bmapas bl. y n.
_c24 cm
490 1 _aTirant monografías
_v889
504 _aBibliografía: p. 543-548
541 0 _cGratuito
650 4 _acrisis económica
_927102
650 4 _acondiciones económicas
_927081
650 4 _asector económico
_930015
650 4 _adesarrollo regional
_929186
650 4 _aempleo
_928299
650 4 _aanálisis del mercado de mano de obra
_930745
650 4 _ainfraestructura
_928025
650 4 _ainvestigación y desarrollo
_928273
650 4 _aEspaña
_926964
650 4 _aComunidades Autónomas
_930768
650 4 _aMurcia (Comunidad Autónoma)
_930881
650 4 _a2000-2012
_935653
650 4 _aanálisis económico
_927070
653 1 0 _aCondiciones económicas
650 4 _930601
_aestrategia empresarial
650 4 _926752
_aUE
710 2 _95313
_aUniversidad de Murcia
_eed.
710 2 _94156
_aInstituto de Estudios Económicos (Madrid)
_eed.
830 0 _aTirant monografías
_v889
_932480
902 _aLIB Libro
942 _2CES
_cBK
_h0.0.
999 _c45816
_d45816